000 01018cam a2200205 4500
001 X126425
008 040604n2004 000 0 eng u
035 _a(Sirsi) u126425
100 _aIngram, P.
245 _aImportance of maintaining adequate records for prolongation claims
260 _c2004
490 _aSurveyors' Times [Hong Kong Institute of Surveyors]
_v13(4) April 2004, 24-25(2)
520 _aStresses the importance of keeping accurate records on performance and cost, especially to support and prove financial claims in the construction industry. Efficient use of cost codes should be particularly comprehensive to enable specific information to be extracted quickly and simply. Concludes this early organisation can help avoidance of future problems. Suggests poor records can mean it is difficult to justify why work is delayed.
590 _aABS
590 _aABS
650 _aRECORD KEEPING
650 _aADMINISTRATION
690 _aBUILDING AND CONSTRUCTION-MANAGEMENT
942 _n0
999 _c117484
_d117484